| 000 | 00670nam a2200229Ia 4500 | ||
|---|---|---|---|
| 005 | 20260430150018.0 | ||
| 008 | 008 250103s9999 xx 000 0 eng d | ||
| 037 | _aTheses | ||
| 040 | _aCRL | ||
| 040 | _beng | ||
| 040 | _ceng | ||
| 041 | _2eng | ||
| 041 | _aeng | ||
| 084 | _qCRL | ||
| 100 |
_aLepcha Tashi palzor Au.; Ratnabali K. Gu. _91236195 |
||
| 245 | 0 | _aImplementational crisi of pre- merger laws of Sikkim protected under article 371F of the Indian consrirurion: a critical analysi | |
| 260 | _c2022 | ||
| 300 | _a415p. | ||
| 700 |
_aUniversity of Delhi. Facualty of law. Department of law _91236196 |
||
| 942 | _cTH | ||
| 999 |
_c1848725 _d1848725 |
||